ბათუმის შოთა რუსთაველის სახელმწიფო უნივერსიტეტის ბიბლიოთეკა

საიდუმლო ისტორია / (ბიბ.ჩანაწერი № 60289)

000 -ლიდერი
ფიქსირებული სიგრძის საკონტროლო ველი 01533nam a22002537a 4500
003 - საკონტროლო ნომრის იდენტიფიკატორი
საკონტროლო ველი Ge_BSU
005 - ბოლო ოპერაციის თარიღი და დრო
საკონტროლო ველი 20230626142520.0
008 - ფიქსირებული სიგრძის მონაცემთა ელემენტები - ზოგადი ინფორმაცია
ფიქსირებული სიგრძის საკონტროლო ველი 230626s1989 ge ||||| |||| 00| 0 geo d
041 ## - ენის კოდი
Language code of text/sound track or separate title geo
080 ## - უნივერსალური ათობითი კლასიფიკაციის ინდექსი
Universal Decimal Classification number 94(495)"03/.14" კ-42
100 ## - მთავარი ჩანაწერი - პიროვნების სახელი
Personal name პროკოპი კესარიელი
9 (RLIN) 18970
245 ## - ცნობა სათაურის შესახებ
Title საიდუმლო ისტორია /
Statement of responsibility, etc პროკოპი კესარიელი ძვ. ბერძნ. თარგმნა, შესავ. და კომენტ. დაურთო ნინო ეფრემიძემ; რედ. ნ. ლომოური; საქ. სსრ მეცნ. აკად., აღმოსავლეთმცოდნ. ინ-ტი.
264 ## - წარმოების, გამოცემის, დისტრიბუციის და სხვა ცნობები
გამოცემის, წარმოების, დისტრიბუციის... ადგილი თბილისი :
გამოცემის, წარმოების, დისტრიბუციის... სახელწოდება მეცნიერება,
გამოცემის, წარმოების, დისტრიბუციის... თარიღი 1989.
300 ## - ფიზიკური აღწერა
Extent 124 გვ. ;
Other physical details 21 სმ.
501 ## - შენიშვნა თანმხლებ მასალაზე
With note კომენტარები: გვ. 117-124.
520 ## - SUMMARY, ETC.
Summary, etc რეზ. რუს.ენ.
653 ## - INDEX TERM--UNCONTROLLED
Uncontrolled term ბიზანტიის ისტორია
653 ## - INDEX TERM--UNCONTROLLED
Uncontrolled term ბიზანტიური წყაროთმცოდნეობა
653 ## - INDEX TERM--UNCONTROLLED
Uncontrolled term თარგმანები ქართულ ენაზე
700 ## - ADDED ENTRY--PERSONAL NAME
Personal name ეფრემიძე, ნინო
Relator term მთარგმნელი
9 (RLIN) 18971
700 ## - ADDED ENTRY--PERSONAL NAME
Personal name ლომოური, ნ.
Relator term რედაქტორი
9 (RLIN) 18972
710 ## - ADDED ENTRY--CORPORATE NAME
Corporate name or jurisdiction name as entry element საქ. სსრ მეცნ. აკადემია
Subordinate unit აღმოსავლეთმცოდნ. ინ-ტი.
9 (RLIN) 18973
942 ## - ADDED ENTRY ELEMENTS (KOHA)
Source of classification or shelving scheme
Koha item type წიგნი
ეგზემპლარები
ჩამოწერის სტატუსი დაკარგული ეგზემპლარის სტატუსი კლასიფიკაციის წყარო ან თაროზე გაწყობის სქემა დაზიანების სტატუსი არ გაიცემა მუდმივი მდებარეობა (დაცვის ადგილი) ამჟამინდელი ადგილსამყოფელი თაროზე განთავსების ადგილი შეძენის თარიღი ღირებულება, შესყიდვის ნორმალური ფასი სრული შენახვის შიფრი შტრიხკოდი ბოლო ოპერაციის თარიღი ეგზემპლარის მიმდევრობითი ნომერი (კეტერი?) Uniform Resource Identifier ფასის ძალაში შესვლის თარიღი ეგზემპლარის სახეობა საჯარო შენიშვნა
          ბათუმის შოთა რუსთაველის სახელმწიფო უნივერსიტეტის მთავარი ბიბლიოთეკა ბათუმის შოთა რუსთაველის სახელმწიფო უნივერსიტეტის მთავარი ბიბლიოთეკა წიგნსაცავი 2023-06-26 4.00 94(495) 64734 2023-06-26 64734 ბსუ-ს საპატიო დოქტორის გურამ ლორთქიფანიძის საჩუქარი 2023-06-26 წიგნი 4 ლ.